Turkish cities - Sudden Death - Statistics

General Stats
  • This quiz has been taken 92 times
  • The average score is 8 of 10
Answers on the Grid
Answers color-coded by a green-red scale on the quiz's grid according to % correct below.
Iași
Eskişehir
Gyumri
Bursa
Antalya
Turku
Izmir
Bari
Durrës
Gaziantep
Adana
Plovdiv
Kayseri
Fez
Durban
Erzurum
Ordu
Erbil
Faro
Sivas
 
Answer Stats
Answer % Correct
Antalya
95%
Gaziantep
92%
Adana
89%
Izmir
89%
Bursa
88%
Eskişehir
85%
Kayseri
82%
Erzurum
81%
Sivas
69%
Ordu
64%
No matching quizzes found
Score Distribution
Percent of People with Each Score
Percentile by Number Answered
Your Score History
You have not taken this quiz